[Event "AUTO-OPEN-4577"]
[Site "http://www.queenalice.com/game.php?id=1852515"]
[Date "2025.2.20"]
[Round "1"]
[White "CHESSLOVE2405"]
[Black "pomar"]
[Result "1-0"]
[WhiteElo "1604"]
[BlackElo "1825"]

1. e4 e6 2. d4 d5 3. Nc3 Bb4 4. e5 c5 5. a3 Bxc3+ 6. bxc3 Qb6 7. Qg4 g6 8. Nf3
Nc6 9. h4 h5 10. Qf4 Nge7 11. Qf6 O-O 12. g4 hxg4 13. h5 cxd4 14. h6 Nf5 15. h7#
1-0

[Event "AUTO-OPEN-4577"]
[Site "http://www.queenalice.com/game.php?id=1852516"]
[Date "2025.2.20"]
[Round "1"]
[White "pomar"]
[Black "CHESSLOVE2405"]
[Result "0-1"]
[WhiteElo "1825"]
[BlackElo "1500"]

1. f3 e5 2. Kf2 d5 3. e3 Nc6 4. Bb5 Nf6 5. d4 Bd6 6. Ne2 O-O 7. c4 exd4 8. exd4
dxc4 9. Bxc4 Re8 10. Bd2 Ng4+ 11. fxg4 Bxg4 12. Re1 Qh4+ 13. g3 Qxh2+ 14. Kf1
Bh3# 0-1

[Event "AUTO-OPEN-4578"]
[Site "http://www.queenalice.com/game.php?id=1852779"]
[Date "2025.2.24"]
[Round "1"]
[White "CHESSLOVE2405"]
[Black "Pipo712"]
[Result "1-0"]
[WhiteElo "1695"]
[BlackElo "2043"]

1. e4 c5 2. Nf3 e6 3. d4 cxd4 4. Nxd4 Nc6 5. Nc3 Qc7 6. Be3 Nf6 7. f4 d6 8. Qf3
Be7 9. O-O-O a6 10. g4 Nxd4 11. Bxd4 e5 12. fxe5 Bxg4 13. Qg3 Bxd1 14. exf6 Bxf6
15. Bxf6 gxf6 16. Bh3 Bxc2 17. Kxc2 b5 18. Qg7 Ke7 19. Kb1 Rag8 20. Nd5+ Kd8 21.
Qxf6+ 1-0

[Event "AUTO-OPEN-4578"]
[Site "http://www.queenalice.com/game.php?id=1852781"]
[Date "2025.2.24"]
[Round "1"]
[White "CHESSLOVE2405"]
[Black "Takeda"]
[Result "0-1"]
[WhiteElo "1681"]
[BlackElo "2054"]

1. e4 g6 2. d4 Bg7 3. Nc3 d6 4. Be3 Nf6 5. Qd2 O-O 6. O-O-O Nc6 7. h4 Bg4 8. f3
Bd7 9. g4 Nxg4 10. fxg4 Bxg4 11. Be2 Bxe2 12. Ngxe2 h5 13. Bh6 e6 14. Rdg1 Qf6
15. Bg5 Qf3 16. Rf1 Qg4 17. Rhg1 Qh3 18. Nf4 Qxf1+ 19. Rxf1 Nxd4 0-1

[Event "AUTO-OPEN-4578"]
[Site "http://www.queenalice.com/game.php?id=1852782"]
[Date "2025.2.24"]
[Round "1"]
[White "Takeda"]
[Black "CHESSLOVE2405"]
[Result "1-0"]
[WhiteElo "2042"]
[BlackElo "1811"]

1. e4 c5 2. Nf3 Nc6 3. Bb5 g6 4. O-O Bg7 5. c3 Nf6 6. d3 O-O 7. Nbd2 Qc7 8. Bxc6
Qxc6 9. Nc4 d5 10. exd5 Nxd5 11. Re1 b6 12. Nce5 Qc7 13. c4 Nf6 14. Bf4 Nh5 15.
Bd2 Bb7 16. Rb1 Rad8 17. Qc2 1-0

[Event "AUTO-OPEN-4581"]
[Site "http://www.queenalice.com/game.php?id=1853778"]
[Date "2025.3.12"]
[Round "1"]
[White "JailtonMaster"]
[Black "CHESSLOVE2405"]
[Result "1-0"]
[WhiteElo "2172"]
[BlackElo "1821"]

1. e4 c5 2. Nf3 Nc6 3. d4 cxd4 4. Nxd4 g6 5. Nc3 Bg7 6. Be3 Nf6 7. f3 O-O 8. Qd2
d5 9. exd5 Nxd5 10. Nxd5 Qxd5 11. c3 Nxd4 12. Bxd4 Bxd4 13. cxd4 Rd8 14. O-O-O
Qxa2 15. Qc3 Be6 16. Qa3 Rac8+ 17. Kd2 Rxd4+ 18. Bd3 1-0

[Event "AUTO-OPEN-4581"]
[Site "http://www.queenalice.com/game.php?id=1853779"]
[Date "2025.3.12"]
[Round "1"]
[White "CHESSLOVE2405"]
[Black "JailtonMaster"]
[Result "0-1"]
[WhiteElo "1801"]
[BlackElo "2179"]

1. e4 c5 2. Nf3 d6 3. d4 cxd4 4. Nxd4 Nf6 5. Nc3 a6 6. h3 e5 7. Nb3 Be7 8. g4
O-O 9. g5 Ne8 10. h4 Nc6 11. Be3 Be6 12. Nd5 Nc7 13. Bg2 f5 0-1

[Event "AUTO-ADV-4852"]
[Site "http://www.queenalice.com/game.php?id=1853896"]
[Date "2025.3.14"]
[Round "1"]
[White "JailtonMaster"]
[Black "CHESSLOVE2405"]
[Result "1-0"]
[WhiteElo "2177"]
[BlackElo "1803"]

1. e4 c5 2. Nf3 Nc6 3. d4 cxd4 4. Nxd4 g6 5. Nc3 Bg7 6. Be3 Nf6 7. f3 O-O 8. Qd2
d5 9. exd5 Nxd5 10. Nxd5 Qxd5 11. c3 Nxd4 12. Bxd4 Bxd4 13. cxd4 Rd8 14. O-O-O
Qxa2 15. g4 Bxg4 16. fxg4 Rac8+ 17. Qc2 Rxc2+ 18. Kxc2 Rc8+ 19. Kd2 Qxb2+ 20.
Ke1 1-0

[Event "AUTO-ADV-4852"]
[Site "http://www.queenalice.com/game.php?id=1853897"]
[Date "2025.3.14"]
[Round "1"]
[White "CHESSLOVE2405"]
[Black "JailtonMaster"]
[Result "0-1"]
[WhiteElo "1812"]
[BlackElo "2176"]

1. e4 c5 2. Nf3 d6 3. d4 cxd4 4. Nxd4 Nf6 5. Nc3 a6 6. h3 e5 7. Nb3 Be6 8. Be3
Be7 9. Qf3 Nc6 10. O-O-O O-O 11. g4 Qc7 12. g5 Nd7 13. h4 f5 0-1

[Event "AUTO-OPEN-4582"]
[Site "http://www.queenalice.com/game.php?id=1853949"]
[Date "2025.3.15"]
[Round "1"]
[White "CHESSLOVE2405"]
[Black "Canaye14"]
[Result "0-1"]
[WhiteElo "1760"]
[BlackElo "1909"]

1. e4 e6 2. d4 d5 3. Nc3 dxe4 4. Nxe4 Nd7 5. Nf3 Ngf6 6. Nxf6+ Nxf6 7. Bd3 c5 8.
dxc5 Bxc5 9. O-O Qb6 10. Rb1 Ng4 11. Qe2 O-O 12. b4 Bd6 0-1

[Event "AUTO-OPEN-4582"]
[Site "http://www.queenalice.com/game.php?id=1853950"]
[Date "2025.3.15"]
[Round "1"]
[White "Canaye14"]
[Black "CHESSLOVE2405"]
[Result "1-0"]
[WhiteElo "1919"]
[BlackElo "1750"]

1. d4 Nf6 2. Bf4 c5 3. c3 Qb6 4. Qc2 Nc6 5. Nf3 cxd4 6. Ne5 dxc3 7. Nxc3 d6 8.
Nc4 Qd4 9. Nb5 Qxf4 10. Nc7+ Kd8 11. Nxa8 Bf5 12. Qb3 Kc8 13. e3 1-0

[Event "AUTO-OPEN-4582"]
[Site "http://www.queenalice.com/game.php?id=1853951"]
[Date "2025.3.15"]
[Round "1"]
[White "CHESSLOVE2405"]
[Black "JailtonMaster"]
[Result "0-1"]
[WhiteElo "1814"]
[BlackElo "2175"]

1. e4 c5 2. Nf3 d6 3. d4 cxd4 4. Nxd4 Nf6 5. Nc3 a6 6. h3 e5 7. Nde2 Be7 8. g4
h6 9. Bg2 Nc6 10. Ng3 O-O 11. O-O Be6 12. Re1 Qc7 0-1

[Event "AUTO-OPEN-4582"]
[Site "http://www.queenalice.com/game.php?id=1853952"]
[Date "2025.3.15"]
[Round "1"]
[White "JailtonMaster"]
[Black "CHESSLOVE2405"]
[Result "1-0"]
[WhiteElo "2173"]
[BlackElo "1819"]

1. e4 c5 2. Nf3 Nc6 3. d4 cxd4 4. Nxd4 g6 5. Nc3 Bg7 6. Be3 Nf6 7. f3 O-O 8. Bc4
Qb6 9. Qd2 Nxe4 10. fxe4 Bxd4 11. Bxd4 Qxd4 12. Qxd4 Nxd4 13. O-O-O Nc6 14. Nd5
Kg7 15. Rhf1 d6 16. Bb5 1-0

[Event "AUTO-ADV-4853"]
[Site "http://www.queenalice.com/game.php?id=1854102"]
[Date "2025.3.17"]
[Round "1"]
[White "CHESSLOVE2405"]
[Black "JailtonMaster"]
[Result "0-1"]
[WhiteElo "1816"]
[BlackElo "2174"]

1. e4 c5 2. Nf3 d6 3. d4 cxd4 4. Nxd4 Nf6 5. Nc3 a6 6. h3 e5 7. Nb3 Be7 8. g4 h6
9. Bg2 Nc6 10. Be3 Qc7 0-1

[Event "AUTO-ADV-4853"]
[Site "http://www.queenalice.com/game.php?id=1854103"]
[Date "2025.3.17"]
[Round "1"]
[White "JailtonMaster"]
[Black "CHESSLOVE2405"]
[Result "1-0"]
[WhiteElo "2178"]
[BlackElo "1802"]

1. e4 c5 2. Nf3 Nc6 3. d4 cxd4 4. Nxd4 g6 5. Nc3 Bg7 6. Be3 Nf6 7. Bc4 Qa5 8.
O-O O-O 9. f3 d6 10. Nxc6 bxc6 11. Qd2 Be6 12. Bxe6 fxe6 13. Bh6 Bxh6 14. Qxh6
Qb6+ 15. Kh1 Qxb2 16. Qd2 1-0